• 首页
  • 本馆介绍
  • 公告通知
  • 最新文献
  • 馆藏检索
  • 电子资源
  • 读者导购
  • 参考咨询
  • 我的图书馆
  • 登录
  • 详细信息显示
  • 放入我的书架
  • 预约/预借图书
  • 作者相关作品
  • 分类相关作品
  • 丛书相关作品
  • 出版社相关作品

书目信息

  • 表格格式
  • 工作单格式
  • 卡片格式
题名:
继电器及其应用
    
 
作者: ;上海无线电八厂 , 哈尔滨工业大学 编
分册:  
出版信息: 上海   上海科学技术出版社  1978
页数: 341页
开本: 19cm
丛书名:
单 册:
中图分类: TM58
科图分类:
主题词: 电磁继电器--应用
电子资源:
ISBN:
000 00742nam0 2200229 45
001 0178001781
005 20060722152411.92
010    @dCNY0.90
091    @a15119.1945
100    @a19950728d1978 em y0chiy0121 ea
101 0  @achi
102    @aCN@b310000
105    @ay z 000yy
200 10 @a继电器及其应用@Aji dian qi ji qi ying yong@f上海无线电八厂,哈尔滨工业大学编@Fshang hai wu xian dian ba chang,ha er bin gong ye da xue bian
210    @a上海@c上海科学技术出版社@d1978
215    @a341页@d19cm
606    @a电磁继电器@x应用
690    @aTM58@v1
711 02 @a上海无线电八厂@Ashang hai wu xian dian ba chang@4编
711  0 @a哈尔滨工业大学@Aha er bin gong ye da xue@4编
801  0 @aCN@bTSSF@c20060722
905    @a10447@dTM58@e1
    
    继电器及其应用/上海无线电八厂,哈尔滨工业大学编.-上海:上海科学技术出版社,1978
    341页;19cm
    
    
    ISBN :CNY0.90
    
●
相关链接 在E读中查询图书 在五车中查询图书 在当当中查询图书 在豆瓣中查询图书


正题名:继电器及其应用     索取号:TM58/1         预约/预借

序号 登录号 条形码 馆藏地/架位号 状态 备注
1 0004160   001345306   密集书库/ [索取号:TM58/1] 在馆    
2 0004161   202181520   密集书库/ [索取号:TM58/1] 在馆    
3 0004162   202190379   密集书库/ [索取号:TM58/1] 在馆    
4 0420692   204206929   密集书库/ [索取号:TM58/1] 在馆    
5 0420693   204206938   密集书库/ [索取号:TM58/1] 在馆    
6 0420694   204206947   密集书库/ [索取号:TM58/1] 在馆    
7 0437435   204374355   密集书库/ [索取号:TM58/1] 在馆    
8 0437436   204374364   密集书库/ [索取号:TM58/1] 在馆    
唐山师范学院图书馆 欢迎您!
大连网信软件有限公司© 版权所有